000 00535nam a2200193Ia 4500
005 20240312100524.0
008 131103s9999 xx 000 0 und d
040 _aLoreto College
041 _aEnglish
082 _a371.5
_bDUN
100 _aDunhill,James
245 _aDiscipline in the Classroom,
_cJames Dunhill
260 _aLondon
_bUniversity Of London Press
_c1964
300 _a64 p.
650 _aSchools and their activities
651 _aSchool discipline and related activities
850 _aLCLIB
942 _cBK
999 _c10496
_d60975